<?xml version="1.0" encoding="UTF-8"?>
<record
    xmlns:xsi="http://www.w3.org/2001/XMLSchema-instance"
    xsi:schemaLocation="http://www.loc.gov/MARC21/slim http://www.loc.gov/standards/marcxml/schema/MARC21slim.xsd"
    xmlns="http://www.loc.gov/MARC21/slim">

  <leader>01104nam a22003014c 4500</leader>
  <controlfield tag="003">AR-BaSMT</controlfield>
  <controlfield tag="008">240627t2022    enka|||ar|||| 000 1 ing d</controlfield>
  <datafield tag="020" ind1=" " ind2=" ">
    <subfield code="a">9781474964456</subfield>
  </datafield>
  <datafield tag="040" ind1=" " ind2=" ">
    <subfield code="a">BSGB</subfield>
    <subfield code="b">espa&#xF1;ol</subfield>
    <subfield code="e">rda</subfield>
  </datafield>
  <datafield tag="041" ind1="0" ind2=" ">
    <subfield code="a">ing</subfield>
    <subfield code="h">Ingl&#xE9;s</subfield>
  </datafield>
  <datafield tag="080" ind1=" " ind2=" ">
    <subfield code="a">82-34 </subfield>
  </datafield>
  <datafield tag="100" ind1="1" ind2=" ">
    <subfield code="a">Cowan, Laura</subfield>
    <subfield code="9">483</subfield>
  </datafield>
  <datafield tag="245" ind1="1" ind2="0">
    <subfield code="a">Spider's Tug of War</subfield>
  </datafield>
  <datafield tag="264" ind1=" " ind2=" ">
    <subfield code="a">Londres : </subfield>
    <subfield code="b">Usborne,</subfield>
    <subfield code="c">2022</subfield>
  </datafield>
  <datafield tag="300" ind1=" " ind2=" ">
    <subfield code="a">24 p&#xE1;ginas ; </subfield>
    <subfield code="b">ilustraciones color</subfield>
  </datafield>
  <datafield tag="336" ind1=" " ind2=" ">
    <subfield code="2">rdacontent</subfield>
    <subfield code="a">texto</subfield>
    <subfield code="b">txt</subfield>
  </datafield>
  <datafield tag="337" ind1=" " ind2=" ">
    <subfield code="2">rdamedia</subfield>
    <subfield code="a">sin mediaci&#xF3;n</subfield>
    <subfield code="b">n</subfield>
  </datafield>
  <datafield tag="338" ind1=" " ind2=" ">
    <subfield code="2">rdacarrier</subfield>
    <subfield code="a">volumen</subfield>
    <subfield code="b">nc</subfield>
  </datafield>
  <datafield tag="490" ind1=" " ind2=" ">
    <subfield code="a">Usborne English Readers Starter Level</subfield>
  </datafield>
  <datafield tag="500" ind1=" " ind2=" ">
    <subfield code="a">With activities and free audio</subfield>
  </datafield>
  <datafield tag="520" ind1=" " ind2=" ">
    <subfield code="a">Anansi is king of the spiders: he may be small, but he's very clever. One day, offended that Elephant hardly even notices him, he challenges her to a tug of war. How can a tiny spider win against the mighty Elephant, or against the determined Rhino?</subfield>
  </datafield>
  <datafield tag="521" ind1=" " ind2=" ">
    <subfield code="a">Primaria</subfield>
  </datafield>
  <datafield tag="650" ind1=" " ind2="7">
    <subfield code="9">8</subfield>
    <subfield code="a">LITERATURA INFANTIL</subfield>
    <subfield code="v">Ingl&#xE9;s</subfield>
  </datafield>
  <datafield tag="650" ind1=" " ind2="7">
    <subfield code="9">23</subfield>
    <subfield code="a">CUENTO</subfield>
  </datafield>
  <datafield tag="700" ind1="1" ind2=" ">
    <subfield code="a">Fumagalli, Simone</subfield>
    <subfield code="e">Ilustrador</subfield>
    <subfield code="9">492</subfield>
  </datafield>
  <datafield tag="942" ind1=" " ind2=" ">
    <subfield code="2">ddc</subfield>
    <subfield code="a">BOOK</subfield>
  </datafield>
  <datafield tag="999" ind1=" " ind2=" ">
    <subfield code="c">656</subfield>
    <subfield code="d">656</subfield>
  </datafield>
  <datafield tag="952" ind1=" " ind2=" ">
    <subfield code="0">0</subfield>
    <subfield code="1">0</subfield>
    <subfield code="2">ddc</subfield>
    <subfield code="4">0</subfield>
    <subfield code="a">BSGB</subfield>
    <subfield code="b">BSGB</subfield>
    <subfield code="c">Ingl&#xE9;s - Azul</subfield>
    <subfield code="e">Compra feria del libro 2026</subfield>
    <subfield code="i">000918</subfield>
    <subfield code="l">0</subfield>
    <subfield code="o">82-34 COW</subfield>
    <subfield code="p">000918</subfield>
    <subfield code="t">1</subfield>
    <subfield code="y">BOOK</subfield>
    <subfield code="f"></subfield>
  </datafield>
</record>
